LDR 01157nam a2200241 i 4500 001 000000117348 003 CaOOAMICUS 005 20040625000000.0 008 040625s2004 it u000 u mul u 013 $a90037 020 $a84-89561-43-5 040 $aSeMil$bita 245 10$aActes du 5. congrès international d'archéologie chrétienne :$baix-en-provence 13-19 septembre 1954. 260 $aPamplona :$bNavarra Gráfica,$c2004. 300 $a601 p. :$briccamente ill. ;$c28 cm. 490 0 $aStudi di antichità cristiana ;$v22. 650 4$aArcheologia cristiana - Congressi.$0(OLS)http://semarc/subject/2686 830 0$aStudi di antichità cristiana / Pontificio Istituto di archeologia cristiana ;$v22.$0(OLS)http://semarc/title/15683 850 $aSeMil 852 $aSeMil$W1$xVenegono$y1$m5J XVI 10$j72738$B72738$CSeMilBibl$Z2$F84189 $8I 996 $6020$a84-89561-43-5$9(OLS)http://semarc/number/101730 996 $6245$aActes du 5. congrès international d'archéologie chrétienne :$baix-en-provence 13-19 septembre 1954$9(OLS)http://semarc/title/172286 996 $6260$aPamplona :$bNavarra Gráfica$9(OLS)http://semarc/publisher/29861